| 000 | 01574nam a2200301Ia 4500 | ||
|---|---|---|---|
| 003 | OSt | ||
| 005 | 20200805151053.0 | ||
| 008 | 130821s2009 ck ad gr spa | ||
| 020 | _a9789586954457 | ||
| 040 |
_aCo-BoUCM _cCO-JMCR |
||
| 041 | 0 | _aspa | |
| 082 | 0 | 4 |
_a344.0188 / _bC967s _223 |
| 100 | 1 |
_aCuéllar Lóp̤ez, María Mercedes, _eautor _98459 |
|
| 245 | 1 | 4 |
_aLos sindicatos y la asignacin̤ del ingreso en Colombia un siglo de historia laboral _cMaría Mercedes Cuéllar López |
| 260 |
_aBogotá : _bEdiciones Uniandes, Asobancaria, _c2009. |
||
| 300 |
_a784 páginas : _bilustraciones, cuadros, gráficos a blanco y negro ; _e23 cm, + 1 CD-ROM. |
||
| 500 | _aEl CD-ROM contiene las sentencias reseądas en el libro en formato .doc | ||
| 504 | _aIncluye bibliografía e índice general. | ||
| 505 | 0 | _aMarco teórico -- El papel del sindicalismo en Colombia -- Colombia y la política laboral | |
| 520 | 0 | _aLa obra Los sindicatos y la asignación del ingreso en Colombia. Un siglo de historia laboral es el resultado de un recorrido analítico a lo largo de un siglo en la historia del derecho laboral colombiano que pretende, por una parte, dilucidar su estructura y evolución. | |
| 650 | 0 | 4 |
_aDerecho a la huelga _xLegislación _zColombia _912682 |
| 650 | 2 | 4 |
_aDerecho laboral _912787 |
| 650 | 2 | 4 |
_aDerecho laboral _zColombia _912787 |
| 650 | 2 | 4 |
_aPolítica laboral _xHistoria _zColombia _921993 |
| 650 | 2 | 4 |
_aSindicalismo _xAspectos constitucionales _zColombia _924443 |
| 710 | 2 |
_aUniversidad de los Andes. _bFacultad de Derecho _98460 |
|
| 942 |
_cBK _2ddc |
||
| 999 |
_c6786 _d6786 |
||